000 01373nam a2200349Ia 4500
001 ebr10661634
003 CaPaEBR
006 m u
007 cr cn|||||||||
008 111101s2011 nyua sb 001 0 eng d
020 _z9781611222142
020 _z9781617617966
040 _aCaPaEBR
_cCaPaEBR
035 _a(OCoLC)759207691
050 1 4 _aRA971
_b.H37 2011eb
082 0 4 _a362.10993
_223
100 1 _aHarvey, Peter William.
245 1 0 _aSelf-management and the health care consumer
_h[electronic resource] /
_cPeter William Harvey.
260 _aNew York :
_bNova Science Publishers,
_cc2011.
300 _axi, 176 p. :
_bill.
490 1 _aHealth and human development
504 _aIncludes bibliographical references and index.
533 _aElectronic reproduction.
_bPalo Alto, Calif. :
_cebrary,
_d2013.
_nAvailable via World Wide Web.
_nAccess may be limited to ebrary affiliated libraries.
650 0 _aHealth services administration
_zAustralia.
650 0 _aMedical care
_zAustralia.
650 0 _aSelf-care, Health
_zAustralia.
650 0 _aHealth care reform
_zAustralia.
655 7 _aElectronic books.
_2local
710 2 _aebrary, Inc.
830 0 _aHealth and human development series.
856 4 0 _uhttp://site.ebrary.com/lib/rucke/Doc?id=10661634
_zAn electronic book accessible through the World Wide Web; click to view
999 _c169774
_d169774